| 000 | 01035nam a22002177a 4500 | ||
|---|---|---|---|
| 003 | OSt | ||
| 005 | 20180927092900.0 | ||
| 008 | 180220b xxu||||| |||| 00| 0 spa d | ||
| 020 | _a9501401448 | ||
| 040 | _cPJ | ||
| 100 |
_92034 _aKenny, Héctor Eduardo |
||
| 245 | 1 | 3 |
_aLa intervención obligada de terceros en el proceso civil / _cHéctor Eduardo Kenny. |
| 260 |
_aBuenos Aires : _cDepalma, _b1983. |
||
| 300 |
_a148 p. _c20 cm. |
||
| 500 | _aNotas y citas bibliográficas a pie de página. | ||
| 505 | _aContenido: Las partes en el proceso contencioso -- Pluralidad de partes -- Naturaleza jurídica de la intervención obligada de terceros -- Casos de intervención coactiva y diferencias con otras figuras procesales -- Del trámite de la intervención obligada en particular -- Contingencias procesales derivadas de la intervención del tercero. | ||
| 650 | 0 |
_91148 _aDERECHO PROCESAL CIVIL |
|
| 650 | 0 |
_92362 _aPARTES DEL PROCESO |
|
| 650 | 0 |
_92363 _aINTERVENCIÓN DE TERCEROS |
|
| 942 |
_2udc _cLIB _h347.921.3 _iKEN |
||
| 999 |
_c1565 _d1565 |
||